| 000 | 00677nam a22002172 4500 | ||
|---|---|---|---|
| 001 | 0000001089 | ||
| 005 | 20151217151805.0 | ||
| 008 | 070226s xx 000 0 eng d | ||
| 020 | _a0851106986 : | ||
| 040 |
_aKABU _cKABU |
||
| 050 | 0 |
_aBV2061 _b.G53 1993 |
|
| 100 | 1 |
_aGnanakan, Ken. _@0000149613 |
|
| 245 | 1 | 0 |
_aKingdom concerns : _ba biblical theology of mission today / _cKen Gnanakan. |
| 260 |
_aDowners Grove, Ill. : _bInter Varsity Press, _c1993. |
||
| 300 | _a224 p. | ||
| 650 | 0 |
_aMissions. _@0000149612 |
|
| 908 | _a070226 | ||
| 950 | _@1 | ||
| 999 |
_c5078 _d5078 |
||